| 000 | 00524cam a22001577a 4500 | ||
|---|---|---|---|
| 008 | 180718b2014 xxu||||| |||| 00| 0 eng d | ||
| 020 | _a9781784412906 | ||
| 082 | _aI51 L522 | ||
| 245 |
_aPhysicality of leadership : gesture, entanglement, taboo, possibilities _cedited by Donna Ladkin and Steven S. Taylor |
||
| 260 |
_aUK _bEmerald _c2014 |
||
| 300 | _a256p. | ||
| 500 | _avol.6:monographs in leadership and management | ||
| 650 | _aBody language | ||
| 650 | _aLeadership | ||
| 700 | _aLadkin, Donna and Taylor, Steven S. | ||
| 999 |
_c445182 _d445182 |
||